000
00202nam a22000857a 4500
008
170612b xxu||||| |||| 00| 0 eng d
100
_9
3346
_a
Gupta A. D
245
_a
Math Steps - 2
260
_a
New Delhi
_c
2010
999
_c
6675
_d
6675